Políticas de empleo e institucionalidad laboral para el siglo XXI
محفوظ في:
| المؤلف الرئيسي: | |
|---|---|
| التنسيق: | كتاب |
| اللغة: | الإسبانية |
| منشور في: |
Santiago
Universitaria
2003
|
| سلاسل: | Estudios
|
| الموضوعات: | |
| الوسوم: |
إضافة وسم
لا توجد وسوم, كن أول من يضع وسما على هذه التسجيلة!
|
MARC
| LEADER | 00000nam a2200000 a 4500 | ||
|---|---|---|---|
| 001 | UCL6019 | ||
| 003 | CL-VaPUC | ||
| 008 | 040326e20030000CL |||||||||||||||||spa|d | ||
| 020 | |a 9561116618 | ||
| 082 | 0 | 4 | |a 331.1 |b RAM |2 21 |
| 100 | 0 | |a Ramos Q., Joseph |e author |9 483780 | |
| 245 | 1 | 0 | |a Políticas de empleo e institucionalidad laboral para el siglo XXI |
| 300 | |a 194 p | ||
| 942 | |c BK | ||
| 945 | |d 20040326 00:00:00 |a cmena | ||
| 260 | |a Santiago |b Universitaria |c 2003 | ||
| 650 | 0 | |a Trabajo y empleo |9 315054 | |
| 650 | 0 | |a Política económica |9 255029 | |
| 650 | 7 | |a REFORMA LABORAL |2 CL-VaPUC |9 352892 | |
| 650 | 0 | |a Protección social |9 256186 | |
| 650 | 0 | |a Desempleo |9 257579 | |
| 583 | |a last modification |c 20040326 00:00:00 |k Rodrigo Vera | ||
| 490 | 0 | |a Estudios | |
| 999 | |c 308328 |d 308326 | ||
| 952 | |0 0 |1 0 |4 0 |6 331_100000000000000_RAM_2003 |7 0 |8 A |9 374750 |a BIBDER |b BIBDER |d 2019-11-21 |i 3998983 |o 331.1 RAM 2003 |p 3998983 |r 2023-01-25 |w 2019-11-21 |y BK |k DER | ||
| 952 | |0 0 |1 0 |4 0 |6 331_100000000000000_RAM_2003 |7 0 |8 A |9 374751 |a BIBEDU |b BIBEDU |d 2019-11-21 |i 4486900 |o 331.1 RAM 2003 |p 4486900 |r 2019-11-21 |w 2019-11-21 |y BK |k EPE | ||